Statistics for Birds by Picture #2

Click here to take the quiz!

General Stats

  • This quiz has been taken 7,304 times
  • The average score is 11 of 18

Answer Stats

Answer % Correct
American Flamingo
98%
Chicken
98%
Indian Peafowl
97%
Common Ostrich
97%
Dodo
89%
North Island Brown Kiwi
72%
House Sparrow
67%
Wandering Albatross
66%
Common Pheasant
66%
Great Blue Heron
63%
Eurasian Magpie
53%
Barn Swallow
53%
Red-winged Blackbird
37%
Common Starling
37%
Sacred Ibis
36%
Western Bluebird
34%
Baltimore Oriole
30%
Greater Bird-of-Paradise
29%

Score Distribution

Percentile by Number Answered

Percent of People with Each Score

Your Score History

You have not taken this quiz